Schengenský systém po Amsterodamu
Genéza a vývoj Schengenského systému. Schengenské dohody. Schengenský systém po Amsterdamskej zmluve. Schengenský protokol. Dublinská zmluva.
Gespeichert in:
| 1. Verfasser: | |
|---|---|
| Format: | Buchkapitel |
| Sprache: | Tschechisch |
| Schlagworte: | |
| Tags: |
Keine Tags, Fügen Sie das erste Tag hinzu!
|
MARC
| LEADER | 00000naa a2200000 4500 | ||
|---|---|---|---|
| 001 | r040974 | ||
| 005 | 20230927121130.5 | ||
| 041 | 0 | |a cze | |
| 044 | |a CZ | ||
| 245 | 1 | 0 | |a Schengenský systém po Amsterodamu |c Bohumil Pikna |
| 520 | |a Genéza a vývoj Schengenského systému. Schengenské dohody. Schengenský systém po Amsterdamskej zmluve. Schengenský protokol. Dublinská zmluva. | ||
| 610 | 2 | 0 | |a spolupráca hospodárska medzinárodná |
| 610 | 2 | 0 | |a Európska únia |
| 610 | 2 | 0 | |a dohody medzinárodné |
| 610 | 2 | 0 | |a história |
| 610 | 2 | 0 | |a aproximácia práva |
| 100 | 1 | |a Pikna, Bohumil | |